Introducción a la reología de los alimentos /

Guardado en:
Autor Principal: Muller, H. G.
Otros Autores: Burgos González, Justino., (Traductor, tr.)
Formato: Libro
Idioma:Spanish
English
Publicado: Zaragoza (España) : Acribia, 1978.
Materias:
Etiquetas: Agregar Etiqueta
Sin Etiquetas, Sea el primero en etiquetar este registro!
LEADER 00881nam a22002415a 4500
001 EIQ.libpla003077
008 071012s1978####sp#a#####b####001#0#spa#d
005 20080613120129.0
245 1 0 |a Introducción a la reología de los alimentos /  |c H. G. Muller ; traducido por Justino Burgos González. 
260 |a Zaragoza (España) :  |b Acribia,  |c 1978. 
300 |a 174 p. :  |b il. ;  |c 22 cm. 
500 |a Título original: An introduction to food rheology. 
504 |a Incluye referencias bibliográficas e índice. 
020 |a 8420004014 
100 1 |a Muller, H. G. 
700 1 |a Burgos González, Justino.,  |e tr.  |4 trl 
650 4 |a Alimentos  |x Propiedades físicas. 
650 4 |a Alimentos  |x Reología. 
650 4 |a Food  |x Rheology. 
650 4 |a Food  |x Physical properties. 
040 |a AR-BbSID  |b spa  |c AR-BbSID 
041 1 |a spa  |h eng 
859 |a AR-BbSID  |b BIB. PLAPIQUI  |h 664.07  |i M 912  |p 1535